000
00307nam a2200133Ia 4500
005
20260328104341.0
008
260328s9999||||xx |||||||||||||| ||und||
100
_a
Feng, Zhao
245
0
_a
La Historia de la Seda /
_c
Zhao Feng
260
_b
Popular
300
_a
129 p.
650
_a
HISTORIA
942
_c
BK
999
_c
12124
_d
12124